| 000 | 00762cab a2200241 4500 | ||
|---|---|---|---|
| 001 | ABS59148 | ||
| 008 | 090401t1998 xxu||||| |||| 00| 0 eng d | ||
| 035 | _a(Sirsi) u88382 | ||
| 041 | _aeng | ||
| 100 | _aRichardson, V. | ||
| 245 | _aAll systems change | ||
| 260 | _c1998 | ||
| 350 | _a0 | ||
| 490 |
_aRIBA Journal _v105(9) September 1998, 38-43(6) |
||
| 520 | _aReviews the conversion of one of Hackney`s system-built blocks of flats into special needs housing units and a housing office. Includes plans, a section and cost specification. | ||
| 650 | _aBLOCK OF FLATS | ||
| 650 | _aCONVERSIONS | ||
| 650 | _aSPECIAL NEEDS HOUSING | ||
| 650 | _aSYSTEM-BUILT | ||
| 690 | _aBUILDING AND CONSTRUCTION-PROJECTS | ||
| 942 | _n0 | ||
| 948 | _c09/09/1998 | ||
| 999 |
_c55823 _d55823 |
||